Beowulf. (Record no. 215)

MARC details
000 -LEADER
fixed length control field 00931cam a2200241 a 4500
005 - DATE AND TIME OF LATEST TRANSACTION
control field 20260322212011.0
008 - FIXED-LENGTH DATA ELEMENTS--GENERAL INFORMATION
fixed length control field data
010 ## - LIBRARY OF CONGRESS CONTROL NUMBER
LC control number 92000071
020 ## - INTERNATIONAL STANDARD BOOK NUMBER
International Standard Book Number 0486272648 (pbk.) :
Terms of availability {dollar}1.00
020 ## - INTERNATIONAL STANDARD BOOK NUMBER
International Standard Book Number 9780486272641 (pbk.) :
Terms of availability {dollar}1.00
040 ## - CATALOGING SOURCE
Original cataloging agency DLC
Transcribing agency DLC
Modifying agency DLC
050 00 - LIBRARY OF CONGRESS CALL NUMBER
Classification number PR1583
Item number .G6 1992
082 00 - DEWEY DECIMAL CLASSIFICATION NUMBER
Classification number 829/.3
Edition information 20
092 ## - LOCALLY ASSIGNED DEWEY CALL NUMBER (OCLC)
Classification number 829 G6 1992
001 - CONTROL NUMBER
control field data
245 10 - TITLE STATEMENT
Title Beowulf.
260 ## - PUBLICATION, DISTRIBUTION, ETC.
Place of publication, distribution, etc. New York :
Name of publisher, distributor, etc. Dover Publications,
Date of publication, distribution, etc. 1992.
300 ## - PHYSICAL DESCRIPTION
Extent v, 57 p. ;
Dimensions 21 cm.
440 #0 - SERIES STATEMENT/ADDED ENTRY--TITLE
Title Dover thrift editions
500 ## - GENERAL NOTE
General note "This Dover edition, first published in 1992, is an unabridged republication of Beowulf as translated from the Anglo-Saxon by R[obert] K[ay] Gordon, originally published in the volume Anglo-Saxon poetry, J. M. Dent & Sons Ltd., London, 1926"--T.p. verso.
650 #0 - SUBJECT ADDED ENTRY--TOPICAL TERM
Topical term or geographic name entry element Epic poetry, English (Old)
856 42 - ELECTRONIC LOCATION AND ACCESS
Materials specified Publisher description
Uniform Resource Identifier <a href="http://www.loc.gov/catdir/description/dover031/92000071.html">http://www.loc.gov/catdir/description/dover031/92000071.html</a>
Holdings
Withdrawn status Lost status Damaged status Not for loan Home library Current library Shelving location Date acquired Total checkouts Full call number Barcode Date last seen Price effective from Koha item type
        Centerville Centerville General stacks 22/03/2026   829/.3 20 BC0010223 22/03/2026 22/03/2026 Books